| 000 | 01601cam a2200373 i 4500 | ||
|---|---|---|---|
| 001 | 768714001 | ||
| 003 | CO-MdFUSB | ||
| 005 | 20210512123615.0 | ||
| 007 | ta | ||
| 008 | 180629t2018 miu b 001 0 eng c | ||
| 010 | _a2018010827 | ||
| 020 |
_a9781540960412 _q(pbk.) |
||
| 020 | _a1540960412 | ||
| 040 |
_aLBSOR/DLC _beng _erda _cCO-MdFUSB _dOCLCF _dOCLCO _dBCT _dWIO _dUtOrBLW |
||
| 041 | _aeng | ||
| 082 |
_223 _a225.7 _bH145 |
||
| 090 | _aBS2315 | ||
| 100 | 1 |
_aHagner, Donald Alfred, _eautor |
|
| 245 | 1 | 0 |
_aHow new is the New Testament? : _bfirst-century Judaism and the emergence of Christianity _c/ Donald A. Hagner. |
| 264 | 1 |
_aGrand Rapids, MI : _bBaker Academic, _c[2018] |
|
| 264 | 4 | _c© 2018 | |
| 300 |
_axii, 211 páginas ; _c21 cm. |
||
| 336 |
_atexto _2rdacontent. _btxt |
||
| 337 |
_asin mediación _2rdamedia. _bn |
||
| 338 |
_avolumen _2rdacarrier. _bnc |
||
| 504 | _aIncluye referencias bibliográficas e indice. | ||
| 505 | _aLa cuestión de la continuidad y la discontinuidad - Los Evangelios de Marcos y Mateo - El Evangelio de Lucas - Los Hechos de los Apóstoles - El Evangelio de Juan y las cartas de Juan - El corpus paulino - Hebreos y las cartas católicas - - El Apocalipsis - Novedad en el Nuevo Testamento: continuidad y discontinuidad. | ||
| 520 | _a"Un erudito del Nuevo Testamento aborda el tema de cuán distinto es el cristianismo primitivo del judaísmo formativo del que surgió" - | ||
| 563 | _aRústico | ||
| 630 | 7 |
_aBiblia. _pNuevo Testamento _xCrítica, interpretación, etc. |
|
| 942 | _cBK | ||
| 945 | _aJTF-925 | ||
| 999 |
_c66195 _d66195 |
||